000 00883cab a2200253 4500
001 WB3214-30
008 090401t1996 xxu||||| |||| 00| 0 eng d
035 _a(Sirsi) u64774
041 _aeng
245 _aStatutory damages
260 _c1996
350 _a0
490 _aEstates Gazette Case Summaries
_v[1996] EGCS 57(1) (30/3/96)
520 _a"Melville v Bruton" CA 21 March 1996. Tenant evicted from assured shorthold tenancy. Question whether damages assessed on basis of vacant possession after eviction was correct approach. Landlord`s appeal allowed in part.
650 _aASSURED SHORTHOLD TENANCIES
650 _aEVICTION
650 _aHOUSING ACT 1988
650 _aSTATUTORY DAMAGES
650 _aVACANT POSSESSION
650 _aVALUE OF INTEREST
690 _aLANDLORD AND TENANT-CASE LAW-RESIDENTIAL TENANCIES
942 _n0
948 _c04/03/1997
999 _c40356
_d40356